000 00728nam a2200217 i 4500
001 36904
003 ES-MaACL
005 20230906155450.0
007 t|
008 030219s1975 sp ||||1| spa d
100 1 _aBrun, Jean.
_932140
245 1 3 _aLa mano y el espíritu /
_cpor Jean Brun ; [traducción de Aurelio Garzón del Camino].
250 _a[1ª ed.].
260 _aMéxico :
_bFondo de Cultura Económica,
_c1975.
300 _a221 p. :
_bil. ;
_c18 cm.
490 1 _aBreviarios del Fondo de Cultura Económica ;
_v253
700 1 _aGarzón del Camino, Aurelio.
_955821
830 0 _aBreviarios del Fondo de Cultura Económica ;
_v253
_9179682
852 _aES-MaACL
_jL-8386
_bR.109102
999 _c36904
_d36904